Introducción al proceso de la investigación científica: (Registro nro. 1102)
[ vista simple ]
| 000 -LEADER | |
|---|---|
| campo de control de longitud fija | 00702nam a22001817a 4500 |
| 005 - FECHA Y HORA DE LA ÚLTIMA TRANSACCIÓN | |
| campo de control | 20230208212027.0 |
| 008 - DATOS DE LONGITUD FIJA--INFORMACIÓN GENERAL | |
| campo de control de longitud fija | 230208b |||||||| |||| 00| 0 sp d |
| 040 ## - FUENTE DE CATALOGACIÓN | |
| Centro catalogador/agencia de origen | cunsuroc |
| Lengua de catalogación | esp |
| Centro/agencia transcriptor | cunsuroc ana |
| 082 ## - NÚMERO DE LA CLASIFICACIÓN DECIMAL DEWEY | |
| Número de clasificación | 001.42 M816:3 |
| 100 ## - ENTRADA PRINCIPAL--NOMBRE DE PERSONA | |
| Nombre de persona | Monzón García, Samuel Alfredo |
| 9 (RLIN) | 3102 |
| 245 ## - MENCIÓN DEL TÍTULO | |
| Título | Introducción al proceso de la investigación científica: |
| Mención de responsabilidad, etc. | Samuel Alfredo Monzón García |
| Medio | Físico |
| 250 ## - MENCION DE EDICION | |
| Mención de edición | 3a. |
| 260 ## - PUBLICACIÓN, DISTRIBUCIÓN, ETC. | |
| Lugar de publicación, distribución, etc. | Guatemala: |
| Nombre del editor, distribuidor, etc. | Oscar de León Palacios, |
| Fecha de publicación, distribución, etc. | 2001 |
| 300 ## - DESCRIPCIÓN FÍSICA | |
| Extensión | 232p.; |
| Otras características físicas | Colección fundamentos |
| Dimensiones | 21cm. |
| 365 ## - PRECIO COMERCIAL | |
| Cantidad | 1 |
| Unidad de precio | 75.00 |
| Código ISO del país | gt |
| 650 ## - PUNTO DE ACCESO ADICIONAL DE MATERIA--TÉRMINO DE MATERIA | |
| Fuente del encabezamiento o término | Investigación Científica |
| Término de materia o nombre geográfico como elemento de entrada | Diseño de la Investitgación |
| 9 (RLIN) | 3214 |
| 942 ## - ELEMENTOS DE ENTRADA SECUNDARIOS (KOHA) | |
| Fuente del sistema de clasificación o colocación | Clasificación Decimal Dewey |
| Tipo de ítem Koha | Libros |
| Parte de la signatura que corresponde a la clasificación (Parte de la clasificación) | 001.42 M816:3 |
| Suprimir en OPAC | No |
| Estatus retirado | Estado de pérdida | Fuente del sistema de clasificación o colocación | Estado de daño | No para préstamo | Biblioteca de origen | Biblioteca actual | Fecha de adquisición | Coste, precio normal de compra | Número de inventario | Total de préstamos | Signatura topográfica completa | Código de barras | Visto por última vez | Copia número | Precio de reemplazo | Tipo de ítem Koha |
|---|---|---|---|---|---|---|---|---|---|---|---|---|---|---|---|---|
| Clasificación Decimal Dewey | BibIioteca Irma Enieé Ramírez Martínez del Centro Universitario de Mazatenango | BibIioteca Irma Enieé Ramírez Martínez del Centro Universitario de Mazatenango | 08/02/2023 | 75.00 | 5598 / 56h6212-2004 | 001.42 M816:3 | 56HB05802 | 08/02/2023 | C.1 | 08/02/2023 | Libros |

